000
00280nam a22001337a 4500
008
170830b xxu||||| |||| 00| 0 eng d
020
_a
2901572300346
041
_a
eng
080
_a
070
100
_a
40
101
_a
MED
245
_a
SIGN WARS
_c
GOLDMAN.R
942
_2
udc
_c
BK
999
_c
25647
_d
25647